Program of staff development (Record no. 432286)

000 -LEADER
fixed length control field 00413cam a22001337a 4500
008 - FIXED-LENGTH DATA ELEMENTS--GENERAL INFORMATION
fixed length control field 180718b1958 xxu||||| |||| 00| 0 eng d
082 ## - DEWEY DECIMAL CLASSIFICATION NUMBER
Classification number Q21 C16/1
245 ## - TITLE STATEMENT
Title Program of staff development
Statement of responsibility, etc. by Canadian Welfare Council, Ottawa
260 ## - PUBLICATION, DISTRIBUTION, ETC.
Place of publication, distribution, etc. Ottawa
Name of publisher, distributor, etc. Canadian Welfare Council
Date of publication, distribution, etc. 1958
300 ## - PHYSICAL DESCRIPTION
Extent 14p.
440 ## - SERIES STATEMENT/ADDED ENTRY--TITLE
Title Staff development; 1
650 ## - SUBJECT ADDED ENTRY--TOPICAL TERM
Topical term or geographic name entry element Staff development
700 ## - ADDED ENTRY--PERSONAL NAME
Personal name Canada. Canadian Welfare Council
Holdings
Withdrawn status Lost status Damaged status Not for loan Permanent Location Current Location Date acquired Full call number Barcode Date last seen Price effective from Koha item type
        Indian Institute of Public Administration Indian Institute of Public Administration 2010-01-29 Q21 C16/1 16244 2018-07-21 2018-07-21 Book

Powered by Koha